Every SPFL 2025/26 Scorer - Statistics

General Stats
  • This quiz has been taken 12 times
    5 since last reset
  • The average score is 56 of 190
Answer Stats
FNationality Club Position Goals Player % Correct
Scottish Hibs Forward 8 Kieron Bowie
100%
Scottish Hearts Forward 16 Lawrence Shankland
100%
Australian Hibs Forward 8 Martin Boyle
100%
English Dundee Forward 4 Ashley Hay
67%
Scottish Falkirk Forward 8 Barney Stewart
67%
Swedish Celtic Midfielder 16 Benjamin Nygren
67%
Macedonian Rangers Forward 7 Bojan Miovski
67%
Scottish Falkirk Forward 4 Brian Graham
67%
Scottish Falkirk Forward 7 Calvin Miller
67%
Welsh Dundee Forward 3 Cameron Congreve
67%
Scottish Hibs Midfielder 1 Chris Cadden
67%
Portuguese Hearts Forward 14 Claudio Braga
67%
Scottish Hearts Defender 4 Craig Halkett
67%
Japanese Celtic Forward 14 Daizen Maeda
67%
Scottish Livi Defender 1 Danny Wilson
67%
Welsh St Mirren Defender 1 Declan John
67%
Scottish Falkirk Midfielder 3 Dylan Tait
67%
New Zealand Motherwell Midfielder 7 Elijah Just
67%
Scottish Motherwell Midfielder 6 Elliot Watt
67%
English Rangers Defender 5 Emmanuel Fernandez
67%
English Motherwell Defender 8 Emmanuel Longelo
67%
German Hibs Defender 2 Felix Passlack
67%
Scottish Rangers/Killie Forward 6 Findlay Curtis
67%
English Falkirk Midfielder 2 Henry Cartwright
67%
South Korean Celtic Forward 8 Hyun-Jun Yang
67%
English Rangers Defender 8 James Tavernier
67%
Irish Hibs Midfielder 8 Jamie McGrath
67%
Swedish Aberdeen Forward 5 Jesper Karlsson
67%
Scottish Aberdeen Forward 9 Kevin Nisbet
67%
Scottish Celtic Defender 6 Kieran Tierney
67%
English Falkirk Forward 3 Kyrell Wilson
67%
Scottish Livi Forward 7 Lewis Smith
67%
Scottish Dundee Defender 2 Luke Graham
67%
Zambian Hibs Midfielder 1 Miguel Chaiwa
67%
Belgian Rangers Midfielder 6 Nico Raskin
67%
Scottish Dundee United Defender 2 Ross Graham
67%
Canadian Falkirk/Livi Midfielder 1 Scott Arfield
67%
Scottish Dundee Forward 7 Simon Murray
67%
Scottish Motherwell Defender 1 Steven Welsh
67%
Scottish Hearts Defender 5 Stuart Findlay
67%
Norway Rangers Midfielder 7 Thelo Aasgaard
67%
Togo Hibs Forward 3 Thibault Klidje
67%
Portuguese Rangers Forward 15 Youssef Chermiti
67%
Australian Dundee United Forward 9 Zachary Sapsford
67%
French Aberdeen Midfielder 3 Adil Aouchiche
33%
Cypriot St Mirren Defender 2 Alexander Gogic
33%
Greek Hearts Forward 4 Alexandros Kyziridis
33%
English Celtic Midfielder 2 Alex Oxlade-Chamberlain
33%
Danish Rangers Forward 1 Andreas Skov Olsen
33%
Australian Motherwell Forward 6 Apostolos Stamatelopoulos
33%
England Falkirk Forward 5 Ben Broggio
33%
Scottish Hearts Midfielder 2 Blair Spittal
33%
Scottish Killie Forward 4 Bruce Anderson
33%
Scottish Celtic Midfielder 2 Callum Mcgregor
33%
Welsh Celtic Forward 1 Callum Osmand
33%
Australian Hearts Midfielder 2 Cameron Devlin
33%
Scottish Dundee Defender 2 Clark Robertson
33%
Scottish Falkirk Defender 1 Connor Allan
33%
Scottish Dundee United Forward 4 Craig Sibbald
33%
English Hibs Forward 1 Dane Scarlett
33%
American Aberdeen Midfielder 1 Dante Polvara
33%
Scottish Killie Midfielder 3 David Watson
33%
German Aberdeen Midfielder 1 Dennis Geiger
33%
French Rangers Forward 3 Djedi Gassama
33%
English Dundee Defender 2 Drey Wright
33%
French Hibs Forward 5 Elie Youan
33%
Scottish Dundee Midfielder 1 Ethan Hamilton
33%
Scottish Falkirk Midfielder 1 Ethan Ross
33%
English Falkirk Midfielder 1 Ethan Williams
33%
England Falkirk Defender 2 Filip Lissah
33%
Scottish Dundee Midfielder 3 Finlay Robertson
33%
Scottish Falkirk Midfielder 2 Finn Yeats
33%
English Hearts Defender 1 Frankie Kent
33%
Nigerian Motherwell Forward 3 Ibrahim Said
33%
Croatian Dundee United Forward 5 Ivan Dolcek
33%
Scottish Celtic Forward 1 James Forrest
33%
English Rangers Defender 1 Jayden Meghoma
33%
DRC Livi Forward 5 Jeremy Bokila
33%
English Hibs Midfielder 1 Joe Newell
33%
English Dundee Forward 4 Joe Westley
33%
Irish Celtic Forward 4 Johnny Kenny
33%
Scottish Hibs Midfielder 1 Josh Mulligan
33%
Mexican Celtic Defender 1 Julian Araujo
33%
Canadian Hibs Forward 3 Junior Hoilett
33%
Welsh Hibs Midfielder 1 Kai Andrews
33%
Nigerian Celtic Forward 5 Kelechi Iheanacho
33%
Scottish Falkirk Midfielder 1 Liam Henderson
33%
Austrian Motherwell Midfielder 3 Lukas Fadinger
33%
Scottish Celtic Midfielder 1 Luke McCowan
33%
Uruguayan Celtic Defender 1 Marcelo Saracchi
33%
Welsh Killie Forward 2 Marcus Dackers
33%
Welsh Killie Forward 1 Marley Watkins
33%
English Rangers Defender 1 Max Aarons
33%
English Dundee United Forward 2 Max Watters
33%
English St Mirren Defender 4 Miguel Freckleton
33%
Scottish St Mirren Forward 4 Mikael Mandron
33%
English Rangers Forward 7 Mikey Moore
33%
Ivory Coast Rangers Midfielder 1 Mohammed Diomande
33%
Alabanian Rangers Midfielder 1 Nedim Bajrami
33%
Scottish Aberdeen Defender 1 Nicky Devlin
33%
Irish Hearts Defender 2 Oisin McEntee
33%
Finnish Rangers Forward 1 Oliver Antman
33%
Burkina Faso Hearts Forward 5 Pierre Kabore
33%
Japanese Celtic Midfielder 2 Reo Hatate
33%
Jamaican St Mirren Defender 2 Richard King
33%
DRC Hibs Defender 3 Rocky Bushiri
33%
Scottish Falkirk Forward 3 Ross MacIver
33%
Welsh Dundee Defender 3 Ryan Astley
33%
Scottish Dundee Forward 1 Scott Wright
33%
Tunisian Celtic Forward 2 Sebastian Tounekti
33%
Scottish Hearts Defender 2 Stephen Kingsley
33%
Scottish Livi Forward 2 Stevie May
33%
Scottish Aberdeen Midfielder 2 Stuart Armstrong
33%
Mozambique Motherwell Forward 17 Tawanda Maswanhise
33%
Australian Livi Forward 2 Tete Yengi
33%
Czech Celtic Forward 2 Tomas Cvancara
33%
Icelandic Hearts Midfielder 3 Tomas Magnusson
33%
Finnish Aberdeen Forward 3 Topi Keskinen
33%
Belgian Rangers Defender 1 Tuur Rommens
33%
English Killie Forward 8 Tyreece John-Jules
33%
Nigerian Aberdeen Midfielder 1 Afeez Aremu
0%
Swedish Dundee United Forward 8 Amar Fatah
0%
Australian Hibs Forward 4 Ante Suto
0%
Belgian Celtic Midfielder 5 Arne Engels
0%
Scottish Killie Defender 1 Ben Brannan
0%
Dutch Dundee United Defender 1 Bert Esselink
0%
Northern Irish Killie Midfielder 1 Brad Lyons
0%
England Livi Defender 2 Brooklyn Kabongolo
0%
Welsh Dundee Midfielder 1 Callum Jones
0%
Scottish Motherwell Midfielder 3 Callum Slattery
0%
Scottish Dundee Midfielder 1 Charlie Reilly
0%
Scottish Livi Forward 3 Connor Mclennan
0%
Northern Irish St Mirren Midfielder 1 Connor McMenamin
0%
Colombian Livi Defender 2 Cristian Montano
0%
Brazilian Rangers Forward 3 Danilo
0%
English St Mirren Forward 3 Dan Nlundulu
0%
Canadian Rangers Defender 1 Derek Cornelius
0%
Suriname Killie Forward 2 Djenairo Daniels
0%
English Rangers Defender 2 Dujon Sterling
0%
Ghana Dundee United Midfielder 1 Emmanuel Agyei
0%
German Aberdeen Defender 1 Emmanuel Gyamfi
0%
Norwegian Motherwell Forward 1 Eythor Martin Bjorgolfsson
0%
New Zealand Killie Defender 2 George Stanger
0%
Irish Livi Midfielder 1 Graham Carey
0%
Scottish Killie Forward 4 Greg Kiltie
0%
Scottish Hearts Defender 1 Harry Milne
0%
Kazakhstan Hearts Forward 1 Islam Chesnokov
0%
English St Mirren Forward 2 Jake Young
0%
English Killie Forward 8 Joe Hugill
0%
Welsh Dundee Midfielder 1 Joel Cotterill
0%
English Livi Forward 1 Joel Nouble
0%
Australian Motherwell Defender 1 Johnny Koutroumbis
0%
Kenyian St Mirren Forward 3 Jonah Ayungu
0%
Ugandan Hibs Defender 1 Jordan Obita
0%
Scottish Hibs Midfielder 3 Josh Campbell
0%
Danish Dundee United Midfielder 1 Julius Eskesen
0%
Australian St Mirren Midfielder 1 Keanu Baccus
0%
Swedish Aberdeen Forward 3 Kenan Bilalovic
0%
Irish St Mirren Midfielder 4 Killian Philips
0%
Macedonian Dundee United Forward 1 Kristian Trapanovski
0%
Hungarian Dundee United Forward 3 Krisztian Keresztes
0%
Northern Irish St Mirren Midfielder 1 Liam Donnely
0%
Scottish Motherwell Defender 1 Liam Gordon
0%
Scottish Aberdeen Defender 1 Liam Morrison
0%
Scottish Killie Midfielder 1 Liam Polworth
0%
English Fakirk Forward 1 Louis Marsh
0%
English Dundee United Midfielder 5 Luca Stephenson
0%
Spanish Livi Midfielder 1 Mahamadou Susoho
0%
Scottish Hearts Midfielder 1 Marc Lenard
0%
Scottish St Mirren Defender 1 Marcus Fraser
0%
Serbian Aberdeen Forward 4 Marko Lazetic
0%
Estonian Killie Defender 2 Michael Schjonning-Larsen
0%
Scottish Aberdeen Defender 1 Mitchel Frame
0%
French Livi Midfielder 1 Mohammed Sylla
0%
Moldovan Killie Forward 1 Nicky Clescenco
0%
England Hibs Forward 3 Owen Elding
0%
Scottish Killie Defender 2 Robbie Deas
0%
Scottish Livi Forward 5 Robbie Muirhead
0%
German Rangers Forward 1 Ryan Naderi
0%
Australian Dundee United Defender 1 Ryan Strain
0%
Scottish Livi Midfielder 5 Scott Pittman
0%
English St Mirren Midfielder 1 Scott Tanser
0%
Scottish Killie Midfielder 1 Scott Tiffoney
0%
Norwegian Aberdeen Midfielder 1 Sivert Heltne Nilsen
0%
Danish Rangers Midfielder 2 Tochi Chukwani
0%
English Killie Midfielder 1 Tom Lowery
0%
English Dundee Midfielder 1 Tony Yogane
0%
English Aberdeen Forward 2 Toyosi Olusanya
0%
Irish Dundee United Defender 4 Will Ferry
0%
English Dundee Midfielder 2 Yan Dhanda
0%
No matching quizzes found
Score Distribution
Percent of People with Each Score
Percentile by Number Answered
Your Score History
You have not taken this quiz since the last reset